LEADER 01323nam a2200265 u 4500 001 000000018243 003 CaOOAMICUS 005 20070226110643.0 008 941218s1903 gw u000 u ger u 035 $a10429351 040 $aPUL(R)$bita$dBAV 100 1 $aLeipoldt, Johannes,$d1880-1965.$0(OLS)http://pul/name/6935 245 10$aSchenute von Atripe und die Entstehung des national ägyptischen Christentums /$cvon Johannes Leipoldt. 260 $aLeipzig :$bJ.C. HInrichs,$c1903. 300 $aix, 213 p. ;$c23 cm 490 1 $aTexte und Untersuchungen zur Geschichte der altchristlichen Literatur ;$vBd. 25, 1 500 $aComprende indici. 600 04$a?en?te,$carchimandrita d'Atr?p?,$d333/4-451/2.$0(OLS)http://pul/subject/12659 610 24$aChiesa copta$xStoria.$0(OLS)http://pul/subject/5990 830 0$aTexte und Untersuchungen zur Geschichte der altchristlichen Literatur ;$vBd. 25, 1.$0(OLS)http://pul/title/1074 850 $aPUL 852 $aPUL$W1$xSL Religione 1$y3$m24 I 25.1(Int.1)$j25685$nBK-PRI$b $qStampati$B25685$CPULBib$Z2$F25685 $H $81 941 1 $a8 996 $6245$aSchenute von Atripe und die Entstehung des national ägyptischen Christentums$9(OLS)http://pul/title/26027 996 $6260$aLeipzig :$bJ.C. HInrichs$9(OLS)http://pul/publisher/55641 LEADER 01020naa a2200217 u 4500 001 000000097748 003 CaOOAMICUS 005 20070226130151.0 008 050505s1979 it u000 u ita u 035 $a11045152 040 $aIAR$bita 100 1 $aChiarini, Gioachino.$0(OLS)http://pul/name/35229 245 10$aLessing nella storia della critica plautina /$cGioachino Chiarini. 260 $aPisa :$bScuola Normale,$c1979. 300 $aS. 79-97 ;$c25 cm 600 14$aLessing, Gotthold Ephraim,$d1729-1781.$0(OLS)http://pul/subject/22320 730 0 $aAnnali della Scuola normale superiore di Pisa, Classe di lettere e filosofia$g[Spogli].$0(OLS)http://pul/title/24292 773 0 $tAnnali della Scuola Normale Superiore di Pisa$gSerie III, vol. IX,1 (1979). 773 0 $tAnnali della Scuola normale superiore di Pisa, Classe di lettere e filosofia$w()16982 996 $6245$aLessing nella storia della critica plautina$9(OLS)http://pul/title/124632 996 $6260$aPisa :$bScuola Normale$9(OLS)http://pul/publisher/79182